Sports Quiz

Random Sports Quiz

NASCAR- Jeff Gordon Win #3 Results Quiz Stats

 Plays Quiz not verified by Sporcle

Challenge
Share
Tweet
Embed
Score 0/42 Timer 15:00
0 Plays Today
Position Driver % Correct
1Jeff Gordon
96.6%
2Bobby Labonte
93.1%
3Dale Earnhardt
93.1%
4Ricky Rudd
93.1%
17Michael Waltrip
93.1%
26Terry Labonte
93.1%
38Darrell Waltrip
93.1%
5Dale Jarrett
89.7%
7Mark Martin
89.7%
11Bill Elliott
89.7%
12Sterling Marlin
89.7%
14Brett Bodine
89.7%
21Geoffrey Bodine
89.7%
29Joe Nemechek
89.7%
31Todd Bodine
89.7%
9Ward Burton
86.2%
10Kyle Petty
86.2%
19Jeff Burton
86.2%
34Morgan Shepherd
86.2%
39Ken Schrader
86.2%
13John Andretti
82.8%
Position Driver % Correct
15Mike Wallace
82.8%
18Jeremy Mayfield
82.8%
20Kenny Wallace
82.8%
24Rusty Wallace
82.8%
36Bobby Hamilton
82.8%
8Derrike Cope
79.3%
33Ted Musgrave
79.3%
35Rick Mast
79.3%
30Jimmy Spencer
75.9%
42Robert Pressley
75.9%
6Steve Grissom
72.4%
22Dick Trickle
72.4%
23Dave Marcis
72.4%
32Lake Speed
72.4%
16Ricky Craven
69%
28Loy Allen, Jr.
62.1%
41Greg Sacks
58.6%
25Randy LaJoie
51.7%
27Steve Kinser
41.4%
40Jimmy Hensley
34.5%
37Davy Jones
31%

You're not logged in!

Compare scores with friends on all Sporcle quizzes.
Join for Free
OR
Log In

You Might Also Like...

Show Comments

Extras

Top Quizzes Today


Score Distribution

Your Account Isn't Verified!

In order to create a playlist on Sporcle, you need to verify the email address you used during registration. Go to your Sporcle Settings to finish the process.

Report this User

Report this user for behavior that violates our Community Guidelines.

Details: